Singularity theory : selected papers /

Bibliographic Details
Other Authors: Arnolʹd, V. I. (Vladimir Igorevich), 1937-2010
Format: Book
Language:English
Published: Cambridge [Cambridgeshire] ; New York, N.Y. : Cambridge University Press, 1981.
Series:London Mathematical Society lecture note series ; 53.
Subjects:

MARC

Tag First Indicator Second Indicator Subfields
LEADER 00000cam a22000008a 4500
001 in00000074561
005 20151008053601.0
008 810417s1981 enka b 00000 eng
010 |a  81006091  
020 |a 0521285119 
035 |a (OCoLC)07464576 
035 |9 AAH7921AM 
039 0 |a 2  |b 3  |c 3  |d 3  |e 3 
040 |a DLC  |c DLC  |d TXA  |d UtOrBLW 
049 |a TXAM  |c [1672025] 
050 0 0 |a QA614.58  |b .S56 
082 0 |a 514/.74  |2 19 
245 0 0 |a Singularity theory :  |b selected papers /  |c V.I. Arnold. 
263 |a 8109 
264 1 |a Cambridge [Cambridgeshire] ;  |a New York, N.Y. :  |b Cambridge University Press,  |c 1981. 
300 |a 242 pages :  |b illustrations ;  |c 23 cm. 
336 |a text  |b txt  |2 rdacontent 
337 |a unmediated  |b n  |2 rdamedia 
338 |a volume  |b nc  |2 rdacarrier 
490 1 |a London Mathematical Society lecture note series,  |x 0076-0552 ;  |v 53 
504 |a Includes bibliographical references. 
650 0 |a Singularities (Mathematics) 
650 0 |a Critical point theory (Mathematical analysis) 
700 1 |a Arnolʹd, V. I.  |q (Vladimir Igorevich),  |d 1937-2010. 
830 0 |a London Mathematical Society lecture note series ;  |v 53. 
999 |a MARS 
999 f f |s 183e77e9-862c-3c03-bd96-fae310506c99  |i b55995ef-7024-380a-8078-69f15961dd4b  |t 0 
952 f f |p normal  |a Texas A&M University  |b College Station  |c Sterling C. Evans Library  |d Evans: Library Stacks  |t 0  |e QA614.58 .S56  |h Library of Congress classification  |i unmediated -- volume  |m A14806205930 
998 f f |a QA614.58 .S56  |t 0  |l Evans: Library Stacks